00923nac a22002171u 4500082001300000090001500013100003400028245013100062260004100193300003100234440004800265500002600313511002600339650003600365650003600401650003600437942001500473999001500488952010100503952010100604 a603bWAH c6299d6299 aAbd El Wahed, Anwar Ma  aTechnical dictionary. Welding engineering:bEnglish-French-German-Arabic/ccompiled and revised by Anwar Mahmoud Abd El Wahed aLeipzig; Cairo:bAl-Ahram,1982c1982 a126.217 p.:bill.;c22 cm. aAl Maajim Al Technoloziyah Al Takhassusiyah adistributer: Al-Ahram acatalogued by: wessam aTechnologyvDictionaries Arabic aTechnologyvDictionaries French aTechnologyvDictionaries German cNBk603WAH c6299d6299 00104070aMAINbMAINc1STd2007-11-20ePurchasel0o603WAHp000007287r2025-07-15 00:00:00yNB 00104070aMAINbMAINc1STd2007-11-20ePurchasel0o603WAHp000007198r2025-07-15 00:00:00yNB